00521nam a22001697a 450000500170000001000150001702000260003203500140005803700130007208200110008510000200009624500790011626000340019527000850022930000210031470000160033520230804144849.0 aENG-137677 a9789392080647c595.00 aEN-121209 bDBAD/PUB a320.12 aSiddhartha, K.  aGeopolitics; Decoding Intents, Narrative,Lies and futurecby K. Siddhartha aNew Delhi bKitab Mahalc2023 a4655/21,Ansari Road(G.F.) Daryaganj bNew Delhimkitab_mahal@hotmail.come110002 a436p.c21cm(Pbk) aShah, Ankit